Statistics for Biggest cities in East Asia by three biggest cities

Click here to take the quiz!

General Stats

  • This quiz has been taken 29 times
  • The average score is 24 of 46

Answer Stats

Population Country City % Correct
5 840 000SingaporeSingapore
100%
5 104 000ThailandBangkok
100%
1 631 000PhilippinesManila
100%
8 540 000IndonesiaJakarta
100%
9 356 000JapanTokyo
100%
11 720 000ChinaBeijing
100%
10 350 000South KoreaSeoul
100%
1 431 000VietnamHanoi
96%
22 320 000ChinaShanghai
96%
3 680 000JapanOsaka
96%
3 220 000North KoreaPyongyang
96%
3 467 000vietnamHo Chi Minh City
96%
1 456 000MalaysiaKuala Lumpur
93%
11 100 000ChinaGuangzhou
89%
1 574 000CambodiaPhnom Penh
89%
4 477 000MyanmarYangon
81%
196 000LaosVientiane
81%
150 000Timor-LesteDili
81%
844 000MongoliaUlan bator
81%
2 670 000South KoreaBusan
78%
77 000BruneiBandar Seri Begawan
70%
3 690 000JapanYokohama
67%
2 630 000South KoreaIncheon
63%
2 761 000PhilippinesQuezon City
59%
1 208 000MyanmarMandalay
56%
2 374 000IndonesiaSurabaya
52%
887 000VietnamDa Nang
48%
1 750 000IndonesiaMedan
37%
925 000MyanmarNay Pyi Taw
33%
559 000North KoreaHamhung
22%
879 000MalaysiaKlang
7%
88 000LaosPakse
4%
80 000MongoliaErdenet
4%
31 000Timor-LesteSame
0%
22 000Timor-LesteMaliana
0%
30 000BruneiSeria
0%
31 000BruneiKuala Belait
0%
74 000MongoliaDarhan
0%
157 000CambodiaSihanoukville
0%
833 000MalaysiaKampung Baru Subang
0%
843 000CambodiaTakeo
0%
455 000North KoreaNamp'o
0%
388 000ThailandSamut Prakan
0%
1 150 000PhilippinesCaloocan City
0%
291 000ThailandMueang Nonthaburi
0%
85 000LaosThakhek
0%

Score Distribution

Percentile by Number Answered

Percent of People with Each Score

Your Score History

You have not taken this quiz